Random First Two Letters to Country - Statistics

General Stats
  • This quiz has been taken 179 times
  • The average score is 18 of 20
Answer Stats
Letters Countries % Correct
AL Albania | Algeria
100%
AN Andorra | Angola | Antigua and Barbuda
100%
AR Argentina | Armenia
100%
AU Australia | Austria
100%
AZ Azerbaijan
100%
BA Bahamas | Bahrain | Bangladesh | Barbados
100%
BE Belarus | Belgium | Belize | Benin
100%
BO Bolivia | Bosnia and Herzegovina
100%
BR Brazil | Brunei
100%
BU Bulgaria | Burkina Faso | Burundi
100%
CH Chad | Chile | China
100%
CO Colombia | Comoros | Costa Rica
100%
CZ Czech Republic
100%
EC Ecuador
100%
ER Eritrea
100%
FI Fiji | Finland
100%
FR France
100%
GH Ghana
100%
GR Greece | Grenada
100%
HA Haiti
100%
IC Iceland
100%
IN India | Indonesia
100%
IT Italy
100%
JA Jamaica | Japan
100%
JO Jordan
100%
KE Kenya
100%
MA Madagascar | Malawi | Malaysia | Maldives | Mali | Malta | Marshall Islands | Mauritania | Mauritius
100%
MO Moldova | Monaco | Mongolia | Montenegro | Morocco | Mozambique
100%
NI Nicaragua | Niger | Nigeria
100%
NO North Macedonia | North Korea | Norway
100%
PO Poland | Portugal
100%
QA Qatar
100%
RO Romania
100%
RW Rwanda
100%
SL Slovakia | Slovenia
100%
SO Solomon Islands | Somalia | South Africa | South Korea | South Sudan
100%
SP Spain
100%
SR Sri Lanka
100%
SW Sweden | Switzerland
100%
TU Tunisia | Turkey | Turkmenistan | Tuvalu
100%
UG Uganda
100%
UN United Arab Emirates | United Kingdom | United States
100%
UR Uruguay
100%
UZ Uzbekistan
100%
YE Yemen
100%
ZA Zambia
100%
EL El Salvador
93%
CR Croatia
92%
PA Pakistan | Palau | Panama | Papua New Guinea | Paraguay
92%
DE D.R. Congo | Denmark
91%
GU Guatemala | Guinea | Guinea-Bissau | Guyana
91%
KO Kosovo
91%
LI Liberia | Libya | Liechtenstein | Lithuania
91%
LU Luxembourg
91%
OM Oman
91%
SY Syria
91%
PH Philippines
90%
AF Afghanistan
89%
DJ Djibouti
89%
EQ Equatorial Guinea
89%
RU Russia
89%
UK Ukraine
89%
GE Georgia | Germany
88%
NA Namibia | Nauru
88%
CY Cyprus
86%
BH Bhutan
83%
KA Kazakhstan
83%
SU Sudan | Suriname
83%
DO Dominica | Dominican Republic
82%
ES Estonia | Eswatini
82%
ZI Zimbabwe
82%
NE Nepal | Netherlands
80%
PE Peru
80%
VA Vanuatu | Vatican City
80%
ET Ethiopia
78%
HU Hungary
78%
TA Taiwan | Tajikistan | Tanzania
78%
CA Cambodia | Cameroon | Canada | Cape Verde
75%
CU Cuba
75%
GA Gabon | Gambia
75%
SE Senegal | Serbia | Seychelles
75%
TH Thailand
75%
TO Togo | Tonga
75%
TR Trinidad and Tobago
75%
VE Venezuela
75%
EG Egypt
73%
SI Sierra Leone | Singapore
73%
SA St. Kitts and Nevis | St. Lucia | St. Vincent and the Grenadines | Samoa | San Marino | Saudi Arabia | São Tomé and Príncipe
73%
HO Honduras
71%
IS Israel
71%
ME Mexico
70%
KY Kyrgyzstan
67%
VI Vietnam
67%
IR Iran | Iraq
60%
KI Kiribati
60%
LA Laos | Latvia
57%
LE Lebanon | Lesotho
57%
KU Kuwait
53%
CE Central African Republic
29%
No matching quizzes found
Score Distribution
Percent of People with Each Score
Percentile by Number Answered
Your Score History
You have not taken this quiz